| 000 -NÁVESTIE |
| fixed length control field |
01227nam a2200301 a 4500 |
| 008 - ÚDAJE S PEVNOU DĹŽKOU – VŠEOBECNÉ INFORMÁCIE |
| fixed length control field |
951211s1980||||[C 0 slo c |
| 020 ## - MEDZINÁRODNÉ ŠTANDARDNÉ ČÍSLO KNIHY (ISBN) |
| Údaje o dostupnosti |
24 Kčs. |
| Qualifying information |
(4000 výtl.) |
| 040 ## - ZDROJ KATALOGIZÁCIE |
| Pôvodná katalogizujúca agentúra |
SNK |
| Jazyk katalogizácie |
slo |
| Prepisujúca agentúra |
SNK |
| Konvencie popisu |
AACR2 |
| 041 1# - KÓD JAZYKA |
| Kód jazyka textu/zvukovej stopy alebo samostatných nápisov |
slo |
| Kód jazyka originálu a/alebo sprostredkujúcich prekladov textu |
slo |
| 044 ## - KÓD KRAJINY VYDAVATEĽA/PRODUCENTA |
| Kód krajiny MARC |
xo |
| Kód krajiny ISO |
SK |
| 080 ## - ČÍSLO MEDZINÁRODNÉHO DESATINNÉHO TRIEDENIA (MDT) |
| Číslo Medzinárodného desatinného triedenia (MDT) |
82:061.3:885.4:087.5(08) |
| 080 ## - ČÍSLO MEDZINÁRODNÉHO DESATINNÉHO TRIEDENIA (MDT) |
| Číslo Medzinárodného desatinného triedenia (MDT) |
061.3 |
| 080 ## - ČÍSLO MEDZINÁRODNÉHO DESATINNÉHO TRIEDENIA (MDT) |
| Číslo Medzinárodného desatinného triedenia (MDT) |
885.4 |
| 080 ## - ČÍSLO MEDZINÁRODNÉHO DESATINNÉHO TRIEDENIA (MDT) |
| Číslo Medzinárodného desatinného triedenia (MDT) |
087.5(08) |
| 080 ## - ČÍSLO MEDZINÁRODNÉHO DESATINNÉHO TRIEDENIA (MDT) |
| Číslo Medzinárodného desatinného triedenia (MDT) |
82.01 |
| 080 ## - ČÍSLO MEDZINÁRODNÉHO DESATINNÉHO TRIEDENIA (MDT) |
| Číslo Medzinárodného desatinného triedenia (MDT) |
820/89 |
| 080 ## - ČÍSLO MEDZINÁRODNÉHO DESATINNÉHO TRIEDENIA (MDT) |
| Číslo Medzinárodného desatinného triedenia (MDT) |
087.5(08) |
| 245 10 - NÁZOV |
| Názov |
Umenie a najmenší |
| Zvyšok názvu |
Zborník prác z konferencie, ktorú usporiadali Kabinet lit. komunikácie a experiment. metodiky PF v Nitre, Kruh priateľov detskej knihy na Slovensku, Vydavateľstvo Mladé letá a ; Anton Popovič, Ľubomír Krátky, Mária Cebecauerová |
| 250 ## - ÚDAJ O PORADÍ VYDANIA |
| Údaj o poradí vydania |
1., vyd. |
| 260 ## - VYDAVATEĽSKÉ ÚDAJE, DISTRIBÚCIA ATĎ. |
| Miesto publikovania, distribúcie atď. |
Bratislava |
| Názov vydavateľa, distibútora atď. |
Mladé letá |
| Dátum publikovania, distribúcie atď. |
1980 |
| Miesto výroby |
Bratislava |
| Výrobca |
Stredné odborné učilište polygrafické |
| 300 ## - FYZICKÝ POPIS |
| Rozsah |
316 s., 17,03 AH |
| Ďalšie fyzické detaily |
Obr. príl. Tb. Sch. |
| Rozmery |
21 cm |
| 490 0# - EDÍCIA |
| Edícia |
Otázky detskej literatúry |
| 500 ## - VŠEOBECNÁ POZNÁMKA |
| Formátovaná poznámka o obsahu |
Lit. 168. Rus. a nem. res. Venované pamiatke Jána Poliaka. 168 zázn. lit. o knihách, čl. a zbor. v jaz. slov., čes., angl., poľ. a maď. |
| 700 1# - PRIDANÝ VSTUP – OSOBNÉ MENO |
| Osobné meno |
Popovič, Anton |
| Kód roly |
com |
| 700 1# - PRIDANÝ VSTUP – OSOBNÉ MENO |
| Osobné meno |
Krátky, Ľubomír |
| Kód roly |
bkd |
| 700 1# - PRIDANÝ VSTUP – OSOBNÉ MENO |
| Osobné meno |
Cebecauerová, Mária |
| Kód roly |
bkd |
| 958 ## - Formálny deskriptor |
| Formálny deskriptor |
A |